000 01054caa a22002531ib4500
003 SA-RiAUC
005 20250515060430.0
008 250514s1988 su g 000 0 ara c
040 _aSA-JeALM
_bara
_cSA-RiAUC
_erda
082 0 4 _a252.5
_qSA-RiAUC
090 _a252.5
_b ف و ز
100 1 _aالفوزان، عبد الله بن صالح،
_d1332-1420 هجري
_eمؤلف.
245 1 0 _aمن أحكام الحج والعمرة.
_b( مسائل يكثر السؤال عنها )
_cعبد الله بن صالح الفوزان.
250 _aالطبعة الاولى.
264 _aالدمام :
_bدار ابن الجوزي.
_c2008
300 _a80 صفحة .
_c18 سم.
336 _aنص
_btxt
_2rdacontent
_3كتاب
337 _aبدون وسيط
_bn
_2rdamedia
338 _aمجلد
_bnc
_2rdacarrier
650 7 _aالحج (فقه إسلامي)
_vمقالات ومحاضرات
_2aucsh
650 7 _aالعمرة (فقه إسلامي)
_vمقالات ومحاضرات
_2aucsh
942 _2ddc
_cBOOK
_n0
949 _aSA-JeALM
_d250514
_uosman123
_n1
999 _c7917
_d7917